| 000 | 00530cam a2200193ua 4500 | ||
|---|---|---|---|
| 020 | _a81-85005-56-7 | ||
| 041 |
_aeng _h |
||
| 082 |
_a631.5873 _bSID/RE |
||
| 100 | _aSidko, A.A . | ||
| 245 |
_aReclamation of saline and alkali soils under irrigation / _cA.A Sidko. _hTextual Documents |
||
| 260 |
_aNew Delhi : _bAgricole Publishing Academy , _c1989. |
||
| 300 | _a202 ; . | ||
| 504 | _a | ||
| 700 | 1 | _aBaiakina, V.P . | |
| 700 | 1 | _aMiasischev, S.I . | |
| 700 | 1 | _aSimonova, T.T . | |
| 942 | _cBK | ||
| 999 |
_c7731 _d7731 |
||